000 00554nam a2200133Ia 4500
008 171207s9999 xx 000 0 und d
100 _aBorah, Porismita
245 _aEmerging communication technology research: Theoretical and methodological variables in the last 16 years and future directions
245 _cPorismita Borah
260 _c2017
300 _apages 616-36, April 2017
440 _aNew Media & Society
_v19:4
650 _aCONCEPTUALIZATION, CONTENT ANALYSIS, EMERGING COMMUNCIATION TECHNOLOGY, METHODOLOGY, PUBLISHED LITERATURE, THEORY
999 _c347549
_d347549